| 000 | 01482cam a22004214a 4500 | ||
|---|---|---|---|
| 001 | muse84799 | ||
| 003 | MdBmJHUP | ||
| 005 | 20210127151608.0 | ||
| 006 | m o d | ||
| 007 | cr||||||||nn|n | ||
| 008 | 960418s1995 mx o 00 0 spa d | ||
| 010 | _z 96139278 | ||
| 020 | _a9786076288566 | ||
| 020 | _z9681206614 | ||
| 020 | _z9789681206611 | ||
| 035 | _a(OCoLC)1055635610 | ||
| 040 |
_aMdBmJHUP _cMdBmJHUP |
||
| 050 | 0 | 4 |
_aPM4556 _b.H47 1995 |
| 100 | 1 | _aHerrera, Esther. | |
| 245 | 1 | 0 |
_aPalabras, estratos y representaciones _btemas de fonología léxica en zoque / _cEsther Herrera Zendejas. |
| 250 | _a1. ed. | ||
| 264 | 1 | _bColegio de Mexico, Centro de Estudios Lingüísticos y Literarios, | |
| 264 | 3 | _bProject MUSE, | |
| 300 |
_a1 online resource (200 p.) : _bill., map ; |
||
| 504 | _aIncludes bibliographical references (p. 193-199). | ||
| 506 | 0 |
_aOpen Access _fUnrestricted online access _2star |
|
| 588 | _aDescription based on print version record. | ||
| 650 | 0 |
_aZoque language _xLexicology. |
|
| 650 | 0 |
_aZoque language _xPhonology. |
|
| 655 | 7 |
_aElectronic books. _2local |
|
| 710 | 2 |
_aProject Muse. _edistributor |
|
| 830 | 0 | _aBook collections on Project MUSE. | |
| 856 | 4 | 0 |
_zFull text available: _uhttps://muse.jhu.edu/book/74538/ |
| 999 |
_c26348 _d26348 |
||